Statistiques concernant écurie de formule 1 depuis 2010

Cliquez ici pour prendre le quiz!

Statistiques générales

  • Ce quiz a été pris 129 fois
  • Le résultat moyen est 9 sur 19

Statistiques - réponses

Origineécurie% Correct
ItalieScuderia Ferrari
97%
AutricheRed Bull Racing
88%
AllemagneMercedes Grand Prix
86%
AngleterreMcLaren Racing
81%
USAHaas F1 team
73%
AngleterreWilliams F1 team
71%
ItalieAlpha Roméo
70%
AngleterreAston Martin
70%
SuisseSauber
58%
IndeForce India
48%
AngleterreLotus F1 Team
43%
FranceAlpine F1
23%
EspagneHRT Formula 1 team
20%
MalaisieCaterham F1 team
17%
AllemagneBMW Sauber f1 team
16%
ItalieScuderia Toro Rosso
8%
AngleterreRacing Point F1 team
4%
AngleterreVirgin Racing
3%
AngleterreManor Racing
2%

Distribution des résultats

Percentile par nombre de réponses

% des personnes avec chaque résultat

Votre développement - résultats

Vous n’avez pas pris ce quiz